[Event "ODJM B 2025"]
[Site "Willingen GER"]
[Date "2025.06.08"]
[Round "2"]
[White "John, Linnea"]
[Black "Dintinger, Ata Lucien"]
[Result "1-0"]
[Termination "normal"]
[Board "26"]
[WhiteElo "1631"]
[BlackElo "1557"]
[WhiteClock "00:57:42"]
[BlackClock "01:19:53"]
[PlyCount "63"]
[WhiteFideId "34623680"]
[BlackFideId "34654550"]
[EventCountry "GER"]
[EventRounds "9"]
[EventType "swiss"]
[EventDate "2025.06.07"]

1. e4 {[%clk 01:30:57]} {[%emt 00:00:02]} e5 {[%clk 01:30:54]} {[%emt
00:00:06]} 2. Nf3 {[%clk 01:31:25]} {[%emt 00:00:03]} Nc6 {[%clk 01:30:48]} 3.
d4 {[%clk 01:31:25]} exd4 {[%clk 01:30:48]} 4. Nxd4 {[%clk 01:32:14]} {[%emt
00:01:10]} Nf6 {[%emt 00:00:15]} 5. Nxc6 {[%clk 01:32:35]} {[%emt 00:00:05]}
bxc6 {[%clk 01:31:34]} {[%emt 00:00:10]} 6. Bd3 {[%clk 01:32:52]} {[%emt
00:00:13]} d5 {[%clk 01:31:38]} {[%emt 00:00:26]} 7. exd5 {[%clk 01:33:15]}
{[%emt 00:00:06]} cxd5 {[%clk 01:32:03]} {[%emt 00:00:05]} 8. O-O {[%clk
01:33:39]} {[%emt 00:00:06]} Be7 {[%clk 01:32:23]} {[%emt 00:00:10]} 9. Nc3
{[%clk 01:33:07]} {[%emt 00:01:03]} O-O {[%clk 01:32:44]} {[%emt 00:00:09]} 10.
Bf4 {[%clk 01:31:48]} {[%emt 00:01:49]} c6 {[%clk 01:31:59]} {[%emt 00:01:15]}
11. Qd2 {[%clk 01:28:08]} {[%emt 00:04:10]} Bb4 {[%clk 01:30:32]} {[%emt
00:01:58]} 12. a3 {[%clk 01:26:24]} {[%emt 00:02:14]} Bd6 {[%clk 01:30:17]}
{[%emt 00:00:44]} 13. Bxd6 {[%clk 01:25:22]} {[%emt 00:01:32]} Qxd6 {[%clk
01:30:42]} {[%emt 00:00:05]} 14. Rfe1 {[%clk 01:23:01]} {[%emt 00:02:50]} Be6
{[%clk 01:29:48]} {[%emt 00:01:24]} 15. Ne2 {[%clk 01:21:42]} {[%emt 00:01:50]}
c5 {[%clk 01:29:09]} {[%emt 00:01:09]} 16. c4 {[%clk 01:09:40]} {[%emt
00:12:32]} dxc4 {[%clk 01:29:03]} {[%emt 00:00:37]} 17. Bxh7+ {[%clk 01:09:27]}
{[%emt 00:00:42]} Kxh7 {[%clk 01:28:39]} {[%emt 00:00:54]} 18. Qxd6 {[%clk
01:09:48]} {[%emt 00:00:09]} Rfd8 {[%clk 01:27:44]} {[%emt 00:01:25]} 19. Qxc5
{[%clk 01:07:21]} {[%emt 00:02:57]} Rac8 {[%clk 01:28:01]} {[%emt 00:00:12]}
20. Qe3 {[%clk 01:06:32]} {[%emt 00:01:16]} g6 {[%clk 01:23:07]} {[%emt
00:05:28]} 21. Rad1 {[%clk 01:03:47]} {[%emt 00:03:15]} Rh8 {[%clk 01:23:28]}
{[%emt 00:00:09]} 22. Nf4 {[%clk 01:00:43]} {[%emt 00:03:34]} Bf5 {[%clk
01:23:16]} {[%emt 00:00:42]} 23. Qe7 {[%clk 00:59:39]} {[%emt 00:01:34]} Kg7
{[%clk 01:23:21]} {[%emt 00:00:24]} 24. Qe5 {[%clk 00:58:47]} {[%emt 00:01:23]}
Rh7 {[%clk 01:22:03]} {[%emt 00:01:48]} 25. Rd6 {[%clk 00:56:47]} {[%emt
00:02:30]} Be6 {[%clk 01:21:18]} {[%emt 00:01:12]} 26. Nxe6+ {[%clk 00:57:10]}
{[%emt 00:00:09]} fxe6 {[%emt 00:00:08]} 27. Rd7+ {[%emt 00:01:05]} Kh6 {[%clk
01:19:54]} {[%emt 00:00:41]} 28. Rxh7+ {[%emt 00:00:40]} Nxh7 {[%clk 01:20:13]}
{[%emt 00:00:01]} 29. Qxe6 {[%clk 00:57:22]} {[%emt 00:00:18]} Ng5 {[%clk
01:20:33]} {[%emt 00:00:10]} 30. Qxc8 {[%clk 00:57:45]} {[%emt 00:00:08]} a5
{[%clk 01:20:08]} {[%emt 00:00:54]} 31. h4 {[%clk 00:57:50]} {[%emt 00:00:25]}
Nh7 {[%clk 01:19:53]} {[%emt 00:00:45]} 32. Qh8 {[%clk 00:57:42]} {[%emt
00:00:38]} 1-0

[Event "ODJM B 2025"]
[Site "Willingen GER"]
[Date "2025.06.08"]
[Round "2"]
[White "Boroshneva, Kassiya"]
[Black "Lattreuter, Alexander"]
[Result "0-1"]
[Termination "normal"]
[Board "27"]
[WhiteElo "1464"]
[BlackElo "1898"]
[WhiteClock "01:03:59"]
[BlackClock "01:28:45"]
[PlyCount "68"]
[WhiteFideId "34177418"]
[BlackFideId "34678387"]
[EventCountry "GER"]
[EventRounds "9"]
[EventType "swiss"]
[EventDate "2025.06.07"]

1. e4 {[%clk 01:30:58]} {[%emt 00:00:01]} c6 {[%clk 01:30:46]} {[%emt
00:00:15]} 2. Nc3 {[%clk 01:31:21]} {[%emt 00:00:07]} d5 {[%clk 01:30:55]}
{[%emt 00:00:21]} 3. exd5 {[%clk 01:31:36]} {[%emt 00:00:15]} cxd5 {[%clk
01:31:20]} {[%emt 00:00:05]} 4. d4 {[%clk 01:31:56]} {[%emt 00:00:10]} Nf6
{[%clk 01:31:36]} {[%emt 00:00:13]} 5. Nf3 {[%clk 01:31:35]} {[%emt 00:00:51]}
Bg4 {[%clk 01:32:00]} {[%emt 00:00:07]} 6. h3 {[%clk 01:31:41]} {[%emt
00:00:24]} Bxf3 {[%clk 01:32:25]} {[%emt 00:00:05]} 7. Qxf3 {[%clk 01:32:03]}
{[%emt 00:00:07]} Nc6 {[%clk 01:32:49]} {[%emt 00:00:06]} 8. Qe3 {[%clk
01:31:28]} {[%emt 00:01:06]} e6 {[%clk 01:32:19]} {[%emt 00:01:00]} 9. Be2
{[%clk 01:30:19]} {[%emt 00:01:38]} Qb6 {[%clk 01:32:15]} {[%emt 00:00:35]} 10.
Bb5 {[%clk 01:28:50]} {[%emt 00:01:59]} Be7 {[%clk 01:32:10]} {[%emt 00:00:35]}
11. Bxc6+ {[%clk 01:28:44]} {[%emt 00:00:35]} bxc6 {[%clk 01:32:33]} {[%emt
00:00:08]} 12. O-O {[%clk 01:27:50]} {[%emt 00:01:24]} O-O {[%clk 01:32:41]}
{[%emt 00:00:21]} 13. Rb1 {[%clk 01:23:57]} {[%emt 00:04:23]} Rac8 {[%clk
01:32:07]} {[%emt 00:01:04]} 14. f3 {[%clk 01:21:39]} {[%emt 00:02:48]} c5
{[%clk 01:31:27]} {[%emt 00:01:11]} 15. Ne2 {[%clk 01:21:26]} {[%emt 00:00:43]}
cxd4 {[%clk 01:31:37]} {[%emt 00:00:20]} 16. Nxd4 {[%clk 01:21:21]} {[%emt
00:00:34]} Bc5 {[%clk 01:30:35]} {[%emt 00:01:32]} 17. c3 {[%clk 01:20:49]}
{[%emt 00:01:03]} Rfe8 {[%clk 01:30:32]} {[%emt 00:00:33]} 18. Qd3 {[%clk
01:14:04]} {[%emt 00:07:14]} e5 {[%clk 01:30:31]} {[%emt 00:00:31]} 19. b4
{[%clk 01:14:10]} {[%emt 00:00:24]} Be7 {[%clk 01:29:34]} {[%emt 00:01:26]} 20.
Be3 {[%clk 01:10:55]} {[%emt 00:03:45]} exd4 {[%clk 01:29:57]} {[%emt
00:00:08]} 21. Bxd4 {[%clk 01:11:18]} {[%emt 00:00:07]} Qc7 {[%clk 01:29:53]}
{[%emt 00:00:32]} 22. Rbc1 {[%emt 00:01:48]} Qc4 {[%clk 01:29:18]} 23. Qd2
{[%clk 01:10:27]} {[%emt 00:01:11]} Nd7 {[%clk 01:28:08]} {[%emt 00:01:39]} 24.
Rc2 {[%clk 01:09:06]} {[%emt 00:01:51]} Bxb4 {[%clk 01:27:54]} {[%emt
00:00:44]} 25. Rfc1 {[%clk 01:06:36]} {[%emt 00:03:00]} Bc5 {[%clk 01:28:07]}
{[%emt 00:00:16]} 26. Bxc5 {[%clk 01:06:58]} {[%emt 00:00:09]} Qxc5+ {[%clk
01:28:04]} {[%emt 00:00:34]} 27. Kh1 {[%clk 01:06:58]} {[%emt 00:00:29]} Re3
{[%clk 01:27:54]} {[%emt 00:00:40]} 28. Qd4 {[%clk 01:05:53]} {[%emt 00:01:36]}
f6 {[%clk 01:27:50]} {[%emt 00:00:33]} 29. Rd1 {[%clk 01:04:35]} {[%emt
00:01:48]} Qxd4 {[%clk 01:28:01]} {[%emt 00:00:19]} 30. Rxd4 {[%clk 01:04:53]}
{[%emt 00:00:12]} Nb6 {[%clk 01:28:27]} {[%emt 00:00:05]} 31. Rdd2 {[%clk
01:03:56]} {[%emt 00:01:26]} Rcxc3 {[%clk 01:28:46]} {[%emt 00:00:11]} 32. Rb2
{[%clk 01:03:57]} {[%emt 00:00:30]} Kf7 {[%emt 00:00:11]} 33. Kg1 {[%emt
00:00:21]} Ke6 {[%clk 01:28:30]} {[%emt 00:00:13]} 34. Kf2 {[%clk 01:03:59]}
{[%emt 00:00:27]} Nc4 {[%clk 01:28:45]} {[%emt 00:00:15]} 0-1

[Event "ODJM B 2025"]
[Site "Willingen GER"]
[Date "2025.06.08"]
[Round "2"]
[White "Salim, Florian"]
[Black "Han, Erdem"]
[Result "1/2-1/2"]
[Termination "normal"]
[Board "28"]
[WhiteElo "1730"]
[BlackElo "1765"]
[WhiteClock "01:21:07"]
[BlackClock "00:29:39"]
[PlyCount "60"]
[WhiteFideId "533001960"]
[BlackFideId "533000646"]
[EventCountry "GER"]
[EventRounds "9"]
[EventType "swiss"]
[EventDate "2025.06.07"]

1. e4 {[%clk 01:30:57]} {[%emt 00:00:03]} c5 {[%clk 01:30:56]} {[%emt
00:00:04]} 2. Nf3 {[%clk 01:31:21]} {[%emt 00:00:05]} Nc6 {[%clk 01:31:22]}
{[%emt 00:00:05]} 3. d4 {[%clk 01:31:47]} {[%emt 00:00:04]} cxd4 {[%clk
01:31:46]} {[%emt 00:00:07]} 4. Nxd4 {[%clk 01:32:12]} {[%emt 00:00:05]} e5
{[%clk 01:32:05]} {[%emt 00:00:10]} 5. Nb5 {[%clk 01:32:37]} {[%emt 00:00:05]}
d6 {[%clk 01:32:23]} {[%emt 00:00:12]} 6. N1c3 {[%clk 01:33:01]} {[%emt
00:00:06]} a6 {[%clk 01:32:32]} {[%emt 00:00:21]} 7. Na3 {[%clk 01:33:22]}
{[%emt 00:00:09]} Be7 {[%clk 01:32:50]} {[%emt 00:00:12]} 8. Be2 {[%clk
01:32:06]} {[%emt 00:01:47]} Nf6 {[%clk 01:30:25]} {[%emt 00:02:54]} 9. Bg5
{[%clk 01:32:27]} {[%emt 00:00:09]} b5 {[%clk 01:28:34]} {[%emt 00:02:21]} 10.
Bxf6 {[%clk 01:31:38]} {[%emt 00:01:19]} Bxf6 {[%clk 01:27:58]} {[%emt
00:01:06]} 11. Nd5 {[%clk 01:31:52]} {[%emt 00:00:16]} O-O {[%clk 01:27:27]}
{[%emt 00:01:01]} 12. c3 {[%clk 01:28:45]} {[%emt 00:03:37]} Bg5 {[%clk
01:21:07]} {[%emt 00:06:50]} 13. Nc2 {[%clk 01:28:46]} {[%emt 00:00:29]} Be6
{[%clk 01:21:20]} {[%emt 00:00:16]} 14. Nce3 {[%clk 01:28:43]} {[%emt
00:00:34]} Bxe3 {[%clk 01:21:20]} {[%emt 00:00:30]} 15. Nxe3 {[%clk 01:29:06]}
{[%emt 00:00:08]} Ne7 {[%clk 01:15:05]} {[%emt 00:06:43]} 16. O-O {[%clk
01:28:13]} {[%emt 00:01:23]} d5 {[%clk 01:01:30]} {[%emt 00:14:05]} 17. exd5
{[%clk 01:28:28]} {[%emt 00:00:16]} Nxd5 {[%clk 01:01:56]} {[%emt 00:00:04]}
18. Nxd5 {[%clk 01:27:54]} {[%emt 00:01:04]} Bxd5 {[%clk 01:01:30]} {[%emt
00:00:56]} 19. a4 {[%clk 01:27:05]} {[%emt 00:01:20]} Bc6 {[%clk 00:50:35]}
{[%emt 00:11:24]} 20. axb5 {[%clk 01:26:50]} {[%emt 00:00:45]} Bxb5 {[%clk
00:50:39]} {[%emt 00:00:26]} 21. Bxb5 {[%clk 01:23:39]} {[%emt 00:03:41]} axb5
{[%clk 00:50:08]} {[%emt 00:01:00]} 22. Rxa8 {[%clk 01:23:34]} {[%emt
00:00:35]} Qxa8 {[%clk 00:50:28]} {[%emt 00:00:11]} 23. Qe2 {[%clk 01:23:01]}
{[%emt 00:01:03]} Qd5 {[%clk 00:39:21]} {[%emt 00:11:36]} 24. Rd1 {[%clk
01:22:25]} {[%emt 00:01:07]} Qb3 {[%clk 00:36:31]} {[%emt 00:03:20]} 25. Rd2
{[%clk 01:22:09]} {[%emt 00:00:46]} f6 {[%clk 00:36:28]} {[%emt 00:00:32]} 26.
Qd1 {[%clk 01:20:58]} {[%emt 00:01:42]} Qxd1+ {[%clk 00:34:42]} {[%emt
00:02:16]} 27. Rxd1 {[%clk 01:21:22]} {[%emt 00:00:06]} Rc8 {[%clk 00:34:14]}
{[%emt 00:00:58]} 28. Rd5 {[%clk 01:21:23]} {[%emt 00:00:29]} b4 {[%clk
00:34:17]} {[%emt 00:00:27]} 29. Rd3 {[%clk 01:21:04]} {[%emt 00:00:49]} bxc3
{[%clk 00:34:04]} {[%emt 00:00:43]} 30. Rxc3 {[%clk 01:21:07]} {[%emt
00:00:27]} Rd8 {[%clk 00:29:39]} {[%emt 00:04:55]} 1/2-1/2

[Event "ODJM B 2025"]
[Site "Willingen GER"]
[Date "2025.06.08"]
[Round "2"]
[White "Kanno, Clara Yumi"]
[Black "Jacoby, Angelina"]
[Result "1/2-1/2"]
[Termination "normal"]
[Board "29"]
[WhiteElo "1706"]
[BlackElo "1707"]
[WhiteClock "00:25:30"]
[BlackClock "00:09:59"]
[PlyCount "92"]
[WhiteFideId "16259661"]
[BlackFideId "12999008"]
[EventCountry "GER"]
[EventRounds "9"]
[EventType "swiss"]
[EventDate "2025.06.07"]

1. d4 {[%clk 01:30:58]} {[%emt 00:00:02]} d5 {[%clk 01:30:45]} {[%emt
00:00:16]} 2. Bf4 {[%clk 01:31:24]} {[%emt 00:00:03]} Nf6 {[%clk 01:30:48]}
{[%emt 00:00:27]} 3. e3 {[%clk 01:31:50]} {[%emt 00:00:05]} Bf5 {[%clk
01:30:37]} {[%emt 00:00:41]} 4. c3 {[%clk 01:32:07]} {[%emt 00:00:13]} c6
{[%clk 01:28:50]} {[%emt 00:02:17]} 5. Be2 {[%clk 01:31:57]} {[%emt 00:00:39]}
e6 {[%clk 01:27:53]} {[%emt 00:01:28]} 6. Nd2 {[%clk 01:30:13]} {[%emt
00:02:13]} Be7 {[%clk 01:26:41]} {[%emt 00:01:42]} 7. h3 {[%clk 01:27:42]}
{[%emt 00:03:02]} O-O {[%clk 01:23:40]} {[%emt 00:03:31]} 8. Ngf3 {[%clk
01:28:01]} {[%emt 00:00:10]} c5 {[%clk 01:21:06]} {[%emt 00:03:05]} 9. Nh4
{[%clk 01:26:44]} {[%emt 00:01:46]} Bg6 {[%clk 01:20:36]} {[%emt 00:00:59]} 10.
Nxg6 {[%clk 01:27:05]} {[%emt 00:00:11]} hxg6 {[%clk 01:21:01]} {[%emt
00:00:05]} 11. O-O {[%clk 01:27:19]} {[%emt 00:00:15]} a6 {[%clk 01:17:09]}
{[%emt 00:04:23]} 12. Bf3 {[%clk 01:25:43]} {[%emt 00:02:06]} Nc6 {[%clk
01:06:47]} {[%emt 00:10:52]} 13. Qe2 {[%clk 01:21:56]} {[%emt 00:04:16]} cxd4
{[%clk 01:00:44]} {[%emt 00:06:34]} 14. exd4 {[%clk 01:21:37]} {[%emt
00:00:49]} Bd6 {[%clk 00:56:33]} {[%emt 00:04:41]} 15. Bg5 {[%clk 01:18:20]}
{[%emt 00:03:46]} Qc7 {[%clk 00:46:19]} {[%emt 00:10:44]} 16. h4 {[%clk
01:12:40]} {[%emt 00:06:11]} Bf4 {[%clk 00:43:30]} {[%emt 00:03:18]} 17. Bxf6
{[%clk 01:09:55]} {[%emt 00:03:15]} gxf6 {[%clk 00:43:51]} {[%emt 00:00:09]}
18. Kh1 {[%clk 01:08:31]} {[%emt 00:01:54]} b5 {[%clk 00:38:13]} {[%emt
00:06:09]} 19. a3 {[%clk 01:03:41]} {[%emt 00:05:20]} Qb6 {[%clk 00:33:22]}
{[%emt 00:05:09]} 20. g3 {[%clk 01:01:31]} {[%emt 00:02:51]} Bxd2 {[%clk
00:30:45]} {[%emt 00:03:08]} 21. Qxd2 {[%clk 01:01:52]} {[%emt 00:00:08]} a5
{[%clk 00:30:31]} {[%emt 00:00:45]} 22. Rfc1 {[%clk 01:00:18]} {[%emt
00:02:03]} Rfc8 {[%clk 00:28:43]} {[%emt 00:02:08]} 23. Qf4 {[%clk 00:54:59]}
{[%emt 00:05:57]} Kg7 {[%clk 00:25:30]} {[%emt 00:03:45]} 24. Qd6 {[%clk
00:52:09]} {[%emt 00:03:19]} Rd8 {[%clk 00:19:20]} {[%emt 00:06:41]} 25. Qc5
{[%clk 00:44:13]} {[%emt 00:08:26]} Qa6 {[%clk 00:12:45]} {[%emt 00:07:05]} 26.
Be2 {[%clk 00:43:40]} {[%emt 00:01:02]} Na7 {[%clk 00:10:28]} {[%emt 00:02:48]}
27. a4 {[%clk 00:42:35]} {[%emt 00:01:35]} Qb7 {[%clk 00:05:29]} {[%emt
00:05:30]} 28. axb5 {[%clk 00:36:20]} {[%emt 00:06:45]} Rdc8 {[%clk 00:05:43]}
{[%emt 00:00:15]} 29. Qa3 {[%clk 00:36:40]} {[%emt 00:00:07]} Nxb5 {[%clk
00:06:04]} {[%emt 00:00:12]} 30. Qb3 {[%clk 00:36:53]} {[%emt 00:00:13]} Nd6
{[%clk 00:05:14]} {[%emt 00:01:22]} 31. Qa3 {[%clk 00:33:34]} {[%emt 00:03:51]}
Nc4 {[%clk 00:02:30]} {[%emt 00:03:15]} 32. Bxc4 {[%clk 00:32:14]} {[%emt
00:01:50]} dxc4+ {[%clk 00:02:19]} {[%emt 00:00:41]} 33. Kh2 {[%clk 00:31:37]}
{[%emt 00:04:26]} a4 {[%clk 00:02:13]} {[%emt 00:00:31]} 34. Rd1 {[%clk
00:26:41]} {[%emt 00:05:25]} Qb3 {[%clk 00:02:08]} {[%emt 00:00:35]} 35. d5
{[%clk 00:24:46]} {[%emt 00:02:26]} exd5 {[%clk 00:02:04]} {[%emt 00:00:34]}
36. Qxb3 {[%clk 00:25:08]} {[%emt 00:00:08]} axb3 {[%clk 00:02:18]} {[%emt
00:00:15]} 37. Rxa8 {[%clk 00:25:17]} {[%emt 00:00:21]} Rxa8 {[%clk 00:02:35]}
{[%emt 00:00:13]} 38. Rxd5 {[%clk 00:25:39]} {[%emt 00:00:08]} Ra2 {[%clk
00:01:40]} {[%emt 00:01:25]} 39. Rd2 {[%clk 00:25:52]} {[%emt 00:00:15]} Kh6
{[%clk 00:01:10]} {[%emt 00:01:02]} 40. Kg2 {[%clk 00:25:55]} {[%emt 00:00:27]}
g5 {[%clk 00:01:04]} {[%emt 00:00:36]} 41. hxg5+ {[%clk 00:25:19]} {[%emt
00:01:05]} fxg5 {[%clk 00:00:33]} {[%emt 00:01:02]} 42. Kf3 {[%clk 00:25:21]}
{[%emt 00:00:28]} f5 {[%clk 00:23:30]} {[%emt 00:07:32]} 43. Re2 {[%clk
00:47:55]} {[%emt 00:07:57]} Ra5 {[%clk 00:21:28]} {[%emt 00:02:31]} 44. Re6+
{[%clk 00:32:39]} {[%emt 00:15:47]} Kh5 {[%clk 00:17:26]} {[%emt 00:04:31]} 45.
Rd6 {[%clk 00:25:44]} {[%emt 00:07:26]} Ra2 {[%clk 00:16:06]} {[%emt 00:01:50]}
46. Rd2 {[%clk 00:25:30]} {[%emt 00:00:44]} Ra6 {[%clk 00:09:59]} {[%emt
00:06:06]} 1/2-1/2

[Event "ODJM B 2025"]
[Site "Willingen GER"]
[Date "2025.06.08"]
[Round "2"]
[White "Hladeniuk, Yelyzaveta"]
[Black "Harbring, Thorben"]
[Result "0-1"]
[Termination "normal"]
[Board "30"]
[WhiteElo "1642"]
[BlackElo "1755"]
[WhiteClock "00:22:36"]
[BlackClock "01:03:18"]
[PlyCount "90"]
[WhiteFideId "34176128"]
[BlackFideId "34607110"]
[EventCountry "GER"]
[EventRounds "9"]
[EventType "swiss"]
[EventDate "2025.06.07"]

1. d4 {[%clk 01:30:59]} Nf6 {[%emt 00:00:13]} 2. c4 {[%clk 01:31:24]} e6 {[%clk
01:31:16]} {[%emt 00:00:06]} 3. Nc3 {[%clk 01:31:49]} {[%emt 00:00:06]} d5
{[%clk 01:31:35]} {[%emt 00:00:09]} 4. cxd5 {[%clk 01:32:13]} {[%emt 00:00:07]}
exd5 {[%clk 01:31:59]} {[%emt 00:00:06]} 5. Bg5 {[%clk 01:32:35]} {[%emt
00:00:08]} Nbd7 {[%clk 01:32:21]} {[%emt 00:00:08]} 6. Nf3 {[%clk 01:32:55]}
{[%emt 00:00:10]} c6 {[%clk 01:32:40]} {[%emt 00:00:11]} 7. e3 {[%clk
01:33:19]} {[%emt 00:00:06]} Qa5 {[%clk 01:32:51]} {[%emt 00:00:19]} 8. a3
{[%clk 01:32:32]} {[%emt 00:01:17]} Ne4 {[%clk 01:32:33]} {[%emt 00:00:48]} 9.
Rc1 {[%clk 01:30:27]} {[%emt 00:02:35]} Nxg5 {[%clk 01:32:32]} {[%emt
00:00:31]} 10. Nxg5 {[%clk 01:30:49]} {[%emt 00:00:09]} Be7 {[%clk 01:32:41]}
{[%emt 00:00:20]} 11. Nf3 {[%clk 01:30:09]} {[%emt 00:01:11]} O-O {[%clk
01:32:46]} {[%emt 00:00:24]} 12. Bd3 {[%clk 01:29:29]} {[%emt 00:01:10]} Re8
{[%clk 01:32:57]} {[%emt 00:00:19]} 13. O-O {[%clk 01:29:45]} {[%emt 00:00:14]}
Nf6 {[%clk 01:32:43]} {[%emt 00:00:44]} 14. h3 {[%clk 01:29:52]} {[%emt
00:00:23]} Bd6 {[%clk 01:31:40]} {[%emt 00:01:32]} 15. b4 {[%clk 01:29:29]}
{[%emt 00:00:51]} Qxa3 {[%clk 01:29:35]} {[%emt 00:02:37]} 16. b5 {[%clk
01:29:37]} {[%emt 00:00:23]} Qa5 {[%clk 01:27:50]} {[%emt 00:02:14]} 17. bxc6
{[%clk 01:29:12]} {[%emt 00:00:56]} bxc6 {[%clk 01:27:54]} {[%emt 00:00:26]}
18. Na4 {[%clk 01:27:38]} {[%emt 00:02:02]} Ba6 {[%clk 01:26:16]} {[%emt
00:02:10]} 19. Bxa6 {[%clk 01:22:40]} {[%emt 00:05:29]} Qxa6 {[%clk 01:26:36]}
{[%emt 00:00:10]} 20. Nc5 {[%clk 01:20:17]} {[%emt 00:02:52]} Bxc5 {[%clk
01:25:21]} {[%emt 00:01:45]} 21. Rxc5 {[%clk 01:15:04]} {[%emt 00:05:43]} Ne4
{[%clk 01:25:41]} {[%emt 00:00:10]} 22. Rc2 {[%clk 01:14:17]} {[%emt 00:01:16]}
f6 {[%clk 01:22:34]} {[%emt 00:03:37]} 23. Nd2 {[%clk 01:08:30]} {[%emt
00:06:18]} Nd6 {[%clk 01:21:44]} {[%emt 00:01:20]} 24. Qc1 {[%clk 00:58:09]}
{[%emt 00:10:51]} Rec8 {[%clk 01:21:31]} {[%emt 00:00:42]} 25. Rc5 {[%clk
00:57:22]} {[%emt 00:01:16]} Rab8 {[%clk 01:20:27]} {[%emt 00:01:36]} 26. Qc2
{[%clk 00:56:53]} {[%emt 00:00:57]} Rb6 {[%clk 01:16:52]} {[%emt 00:04:07]} 27.
Rc1 {[%clk 00:54:04]} {[%emt 00:03:19]} Qb7 {[%clk 01:15:51]} {[%emt 00:01:31]}
28. e4 {[%clk 00:49:04]} {[%emt 00:05:29]} Rb2 {[%clk 01:16:02]} {[%emt
00:00:19]} 29. Qd3 {[%clk 00:49:05]} {[%emt 00:00:27]} Rxd2 {[%clk 01:16:17]}
{[%emt 00:00:17]} 30. Qxd2 {[%clk 00:48:55]} {[%emt 00:00:41]} Nxe4 {[%clk
01:16:40]} {[%emt 00:00:06]} 31. Qe3 {[%clk 00:47:09]} {[%emt 00:02:16]} Nxc5
{[%clk 01:16:55]} {[%emt 00:00:15]} 32. Rxc5 {[%clk 00:46:58]} {[%emt
00:00:42]} Qb1+ {[%clk 01:14:40]} {[%emt 00:02:44]} 33. Kh2 {[%clk 00:41:46]}
{[%emt 00:05:43]} Qb8+ {[%clk 01:14:38]} {[%emt 00:00:32]} 34. Kg1 {[%clk
00:41:35]} {[%emt 00:00:41]} Re8 {[%clk 01:14:17]} {[%emt 00:00:51]} 35. Qc3
{[%clk 00:39:37]} {[%emt 00:02:27]} Qb1+ {[%clk 01:12:09]} {[%emt 00:02:39]}
36. Kh2 {[%clk 00:39:56]} {[%emt 00:00:11]} Re1 {[%clk 01:11:21]} {[%emt
00:01:18]} 37. Qf3 {[%clk 00:33:09]} {[%emt 00:07:16]} Rh1+ {[%clk 01:07:18]}
{[%emt 00:04:34]} 38. Kg3 {[%clk 00:33:34]} {[%emt 00:00:05]} Rd1 {[%clk
01:04:05]} {[%emt 00:03:42]} 39. Qf4 {[%clk 00:30:50]} {[%emt 00:03:14]} Qd3+
{[%clk 01:03:22]} {[%emt 00:01:14]} 40. Kh2 {[%clk 00:30:41]} {[%emt 00:00:39]}
Qxd4 {[%clk 01:03:06]} {[%emt 00:00:46]} 41. Qb8+ {[%clk 00:30:40]} {[%emt
00:00:30]} Kf7 {[%clk 01:03:30]} {[%emt 00:00:07]} 42. Rxc6 {[%clk 00:29:17]}
{[%emt 00:01:53]} Qxf2 {[%clk 01:03:03]} {[%emt 00:00:56]} 43. Rc7+ {[%clk
00:24:26]} {[%emt 00:05:22]} Kg6 {[%clk 01:03:21]} {[%emt 00:00:11]} 44. Rxa7
{[%clk 00:23:15]} {[%emt 00:01:42]} Qg1+ {[%clk 01:02:55]} {[%emt 00:00:55]}
45. Kg3 {[%clk 00:22:36]} {[%emt 00:01:10]} Rd3+ {[%clk 01:03:18]} {[%emt
00:00:06]} 0-1